| 000 | 00558nam a2200193Ia 4500 | ||
|---|---|---|---|
| 003 | GCL | ||
| 008 | 140319s9999 xx 000 0 eng d | ||
| 040 |
_aGCL / _cGCL |
||
| 082 | 0 | 4 |
_a547 _bG M |
| 100 | 1 | _aGANELLIN, G.R | |
| 245 | 1 | 0 |
_aMEDICIAL CHEMISTRY: THE ROLE OF ORGANIC CHEMSTRY IN DURITY REASEARCH / _cGANELLIN, G.R |
| 700 | 1 | _aROBERTS, S.M. | |
| 260 |
_a[S.N] : _bACADEMIC PRESS LIMITED. ، _c1991 |
||
| 300 | _a302 P | ||
| 650 | 0 | 4 | _aPHARMACOLOGY - CHEMENTING |
| 650 | 0 | 4 | _aCLINICAL CHEMISTRY |
| 650 | 0 | 4 | _aORGANIC CHEMISTRY |
| 942 |
_2ddc _cBK |
||
| 999 |
_c16558 _d16558 |
||